MARC

LEADER 00000nam0a2200000 4500
001 354112
005 20231102010647.0
035 |a (RuTPU)RU\TPU\retro\11370 
035 |a RU\TPU\retro\11282 
090 |a 354112 
100 |a 20200616d1959 k y0rusy50 ca 
101 0 |a rus 
102 |a RU 
105 |a y z 000zy 
200 1 |a Опыт химической деструкции органического вещества каменного угля типа газовых  |e [оттиск статьи]  |f П. Ф. Володин 
210 |a Томск  |c Изд-во Томского ун-та  |d 1959 
215 |a С. 123-128  |c табл. 
225 1 |a Известия Томского Политехнического Института  |v Т. 102 
300 |a Представлено проф. докт. хим. наук Л. П. Кулевым 
320 |9 572  |a Библиогр.: с. 128 
606 1 |a Каменный уголь  |2 stltpush  |3 (RuTPU)RU\TPU\subj\13597  |9 40180 
606 1 |a Органические вещества  |x Химическая технология  |2 stltpush  |3 (RuTPU)RU\TPU\subj\73441  |9 86442 
610 1 |a коллекция ТПУ 
610 1 |a оттиски 
610 1 |a труды учёных ТПУ 
610 1 |a химические реакции 
610 1 |a гидролиз 
610 1 |a органические соединения 
610 1 |a химически активные вещества 
610 1 |a канифоль 
610 1 |a кислоты 
675 |a 622.822  |v 3 
675 |a 661.7  |v 3 
700 1 |a Володин  |b П. Ф. 
801 1 |a RU  |b 63413507  |c 20200608 
801 2 |a RU  |b 63413507  |c 20200616  |g RCR 
942 |c BK